00773nam a2200241Ia 450000100060000000300090000600800410001504000130005604000130006904100130008210000210009510000290011624500320014524500450017725000110022226000090023326000100024226000490025230000570030150001130035865000290047165000310050017105IT-RoPAU130308s9999 xx 000 0 und d aIT-RoPAU cIT-RoPAU aITALIANO aBaglioni Attilio gCodice Aut. SPICS: 9671 aCronaca della speranza (La) bUnione Cattolica Stampa Italiana 1979-80 a1a ed. aROMA bCisad c1980 [1° Ed.:1980 - Ed.Ling.Originale:1980] a"15 p. (prefazione: no ; testo: 15 [pagine: 73-87])" aSettore in Trasformazione Emergente presenza dell'uomo promozione dell'uomo Significativa presenza dell'Ucsi aSAGGI DI STAMPA DI MASSA eCodice materia Spics: 6661